000
00310nam a22001337a 4500
020
_q
PB.
040
_c
FIZZA ISHAQ
082
_a
720.284
_b
JAC
100
_a
S,JACOBY.
_9
91845
245
_a
ARCHITECTURE & THE URBAN /
_c
JACOBY S.
260
_a
LONDON ;
_b
WILEY,
_c
2016.
300
_a
328 P. ;
942
_2
ddc
_c
BK
999
_c
589979
_d
589979